The psychosocial predictors of exercise behavior in an adolescent population /

Bibliographic Details
Main Author: Menges-Ehrnwald, Patricia Lynn
Format: Thesis Microform Book
Language:English
Published: [Place of publication not identified] : [publisher not identified] ; 1988.
Subjects:

MARC

Tag First Indicator Second Indicator Subfields
LEADER 00000cam a2200000 a 4500
001 in00001005313
005 20150928090941.0
007 he bm||||b|||
008 910521r19901988orua bb 00010 eng d
035 |a (OCoLC)23811410 
035 |9 AFE2663AM 
040 |a OUN  |c OUN  |d HPE  |d TXA  |d UtOrBLW 
049 |a TXAI 
092 |a 613.7019 
099 |a fiche  |a C  |a 13514 
100 1 |a Menges-Ehrnwald, Patricia Lynn. 
245 1 4 |a The psychosocial predictors of exercise behavior in an adolescent population /  |c by Patricia Lynn Menges-Ehrnwald. 
264 1 |a [Place of publication not identified] :  |b [publisher not identified] ;  |c 1988. 
300 |a x, 152 leaves :  |b illustrations 
336 |a text  |b txt  |2 rdacontent 
337 |a microform  |b h  |2 rdamedia 
338 |a microfiche  |b he  |2 rdacarrier 
502 |b M.S.  |c Purdue University  |d 1988. 
504 |a Includes bibliographical references (leaves 134-141). 
533 |a Microfiche.  |b Eugene, Or. :  |c Microform Publications, College of Human Development and Performance, University of Oregon,  |d 1990.  |e 2 microfiches : negative ; 11 x 15 cm. 
500 |a "UO 91 66--UO 91 67." 
500 |a Microform. 
650 0 |a Exercise  |x Psychological aspects. 
650 0 |a Health behavior in adolescence. 
999 |a MARS 
999 f f |s cb86d98d-c377-30b6-a252-0dff0ea0f217  |i 35a7999e-b62b-356b-9864-b708f053deca  |t 0 
952 f f |p default  |a Texas A&M University  |b College Station  |c Sterling C. Evans Library  |d Evans: Microforms (3rd floor)  |t 0  |e fiche C 13514  |h Other scheme  |i microform -- microfiche 
998 f f |a fiche C 13514  |t 0  |l Evans: Microforms (3rd floor)